000 02230nam a2200265Ia 4500
999 _c40471
_d40471
001 7082
003 GE_BSU
005 20231108111246.0
008 181216s2009||||ge |||||||||||||| ||geo||
020 _a9789941906763
040 _cGE_BSU
041 _ageo
080 _a821.353.1-09-13(092რუსთაველი) მ-80
245 _aმოგითხრობთ "ვეფხისტყაოსანის" შესახებ :
_bენციკლოპედიური კრებული პოემისა და მისი ავტორის შესახებ /
_cიდეის ავტ. და შემდგ. მანანა კარტოზია ; მთ. რედ. ლევან ღვინჯილია.
264 _aთბილისი :
_bსეზანი,
_c2009.
300 _a376 გვ. :
_bილ. ;
_c27 სმ.
490 _aპროექტი - ჩვენ და "ვეფხისტყაოსანი" /პროექტ. ხელმძღვ. შავლეგ შავერდაშვილი.
_vწ. 2
500 _aგამოყენებულია ზურაბ მიქაძის და სხვათა ფოტოები, აგრეთვე საქართველოს ეროვნული მუზეუმის, საქართველოს ეროვნული არქივის მიერ მოწოდებული დოკუმენტური მასალები
520 _aგამოყენებულია;ზურაბ მიქაძის და სხვათა ფოტოები,აგრეთვე საქ.ეროვნ.მუზეუმის,საქ.ეროვნ.არქივის მიერ მოწ.დოკუმენტ.მასალები.
541 _h85ლ.
653 _aქართული პოემის ისტორია და კრიტიკა
653 _aრუსთაველი შოთა და მისი ვეფხისტყაოსანი
700 _aღვინჯილია, ლევან
_eრედაქტორი
_9310
942 _cBK
_2udc